Sex, sexuality and the anthropologist

Αποθηκεύτηκε σε:
Λεπτομέρειες βιβλιογραφικής εγγραφής
Άλλοι συγγραφείς: Markowitz, Fran (Επιμελητής έκδοσης), Ashkenazi, Michael (Επιμελητής έκδοσης)
Μορφή: Βιβλίο
Γλώσσα:English
Δημοσίευση: Urbana : University of Illinois press, 1999
Θέματα:
Ετικέτες: Προσθήκη ετικέτας
Δεν υπάρχουν, Καταχωρήστε ετικέτα πρώτοι!

MARC

LEADER 00000nam a2200000 i 4500
001 1/2528
008 000509s1999 eng d
020 |a 0-252-02437-0 
035 |l 10060471 
040 |a GR-MY-UA  |b gre  |e aacr 
041 0 |a eng 
082 0 |a 306.7 
245 1 0 |a Sex, sexuality and the anthropologist /  |c Edited by Fran Markowitz; Michael Ashkenazi 
260 |a Urbana :   |b University of Illinois press,   |c 1999 
300 |a 230 p. 
504 |a Includes bibliographical references and index 
650 0 0 |a Ethnology  |x Fieldwork. 
650 0 0 |a Anthropologists  |x Sexual behavior. 
650 0 0 |a Sex customs  |x Cross-cultural studies. 
650 0 0 |a Sex role  |x Cross-cultural studies. 
700 1 |a Markowitz, Fran.  |4 edt 
700 1 |a Ashkenazi, Michael.  |4 edt 
852 |a INST  |b LESVOS  |e 20000509  |h 306.7 SEX  |p 005100020090  |q 005100020090  |t BK  |y 0 
901 |a BIBL1-2000-2 
909 |a Λ  |b 077803 
922 |a 1ΕΛΗ  |b 200003  |c ΚΠΣ/ΤΚΑ  |d ΠΑΠΑΣΩΤΗΡΙΟΥ 
950 |a 117-1999-11-26 
970 |a ΚΑΜΑΤΣΟΥ  |b ΔΕΣΠΟΙΝΑ  |z 2000/05/11